|
|
|
|
| LEADER |
00000nab a2200000 a 4500 |
| 001 |
vtls000382125 |
| 003 |
SK-MaSNL |
| 005 |
20260303101828.0 |
| 008 |
230120c1990 xo 0 cze |
| 015 |
|
|
|a SNBRB19rr/mm-uuuuu
|
| 035 |
|
|
|a CL0382247
|
| 035 |
|
|
|a urn:nbn:sk:snk-abbkge
|
| 035 |
|
|
|a (urnnbn)urn:nbn:sk:snk:ar-0061zt
|
| 035 |
|
|
|a (uuid)90933b4b-8c08-43cc-9e5b-5836191248b3
|
| 040 |
|
|
|a SNKBUCL
|b slo
|c SNKBUCL
|e AACR2
|
| 041 |
0 |
|
|a cze
|
| 044 |
|
|
|a xo
|c SK
|
| 080 |
|
|
|a 632.954.028
|2 1981
|
| 100 |
1 |
|
|a Burišková, Libuše
|4 aut
|9 1114088
|
| 245 |
1 |
0 |
|a Rezidua herbicidů Dalapon, Trifluratin, Napropamide a Lenacil v půde
|c Libuše Burišková
|
| 300 |
|
|
|b Obr. 5. Tb. 5., lit. 38 zázn. v rôz. jaz.
|
| 650 |
0 |
7 |
|a prípravky na ochranu rastlín
|2 snkbucl
|9 370423
|
| 650 |
0 |
7 |
|a Dalapon (herbicíd)
|2 snkbucl
|9 1114089
|
| 650 |
0 |
7 |
|a Trifluratin (herbicíd)
|2 snkbucl
|9 1114090
|
| 650 |
0 |
7 |
|a Napropamide (herbicíd)
|2 snkbucl
|9 1114091
|
| 650 |
0 |
7 |
|a Lenacil (herbicíd)
|2 snkbucl
|9 1114092
|
| 650 |
0 |
7 |
|a poľnohospodárska pôda
|2 snkbucl
|9 31794
|
| 655 |
|
7 |
|a články z novín a časopisov
|2 snkbucl
|9 267496
|
| 773 |
0 |
|
|t Agrochémia
|g Roč. 30, č. 4 (1990), s. 116-122
|
| 850 |
|
|
|a Slovenská národná knižnica v Martine
|a MTA001
|
| 852 |
|
|
|a SNK
|b KIS3GCP
|
| 954 |
|
|
|a odborná, vedecká literatúra cudzojazyčná (svetová)
|2 lita
|
| 954 |
|
|
|a odborná, vedecká literatúra pôvodná (slovenská)
|2 lita
|
| 958 |
|
|
|a OND
|
| 958 |
|
|
|a NB
|
| 958 |
|
|
|a RK
|
| 958 |
|
|
|a CZ
|
| 958 |
|
|
|a EUIPO
|
| 958 |
|
|
|a article15
|
| 992 |
|
|
|a RBX
|
| 999 |
|
|
|c 1840192
|d 1842122
|